[Event "Moscow op-B"]
[Site "Moscow"]
[Date "2009.02.06"]
[Round "7"]
[White "Anarkulov, Alisher"]
[Black "Vdovin, Sergei"]
[Result "0-1"]
[WhiteElo "2202"]
[BlackElo "2263"]
[PlyCount "96"]
[EventDate "2009.01.31"]
[EventType "swiss"]
[EventRounds "9"]
[EventCountry "RUS"]
[SourceTitle "EXT 2012"]
[Source "ChessBase"]
[SourceDate "2011.11.24"]
[SourceVersion "1"]
[SourceVersionDate "2011.11.24"]
[SourceQuality "1"]

1. e4 c5 2. Nc3 Nc6 3. Nge2 e5 4. Nd5 d6 5. Nec3 Nf6 6. Bc4 Nxd5 7. Nxd5 Be7 8. 0-0 Bg5 9. c3 0-0 10. f4 Bxf4 11. d3 Bxc1 12. Rxc1 Be6 13. Qh5 Rb8 14. Ne3 b5 15. Bb3 c4 16. Bc2 Qb6 17. Rf3 Ne7 18. Kh1 f6 19. Ng4 Ng6 20. Rh3 Bxg4 21. Qxg4 Nf4 22. Rg3 Rb7 23. d4 h5 24. Qf3 h4 25. Rg4 g5 26. g3 hxg3 27. hxg3 Ng6 28. Qf5 Kg7 29. Rf1 Re7 30. Kg2 Qc7 31. Bd1 Ree8 32. Be2 Rc8 33. Rd1 Qe7 34. Qf2 Rh8 35. Kf3 Rh6 36. Ke3 Rch8 37. Qf3 Rh2 38. Rf1 Re8 39. Qf5 Nh8 40. b3 cxb3 41. axb3 b4 42. Bc4 bxc3 43. Kd3 exd4 44. Kxd4 Qe5+ 45. Kd3 Ng6 46. Qd7+ Re7 47. Qc8 Rd2+ 48. Ke3 Qd4+ 0-1

[Event "Moscow op-B"]
[Site "Moscow"]
[Date "2009.02.04"]
[Round "5"]
[White "Anarkulov, Alisher"]
[Black "Zarivkina, Victorya"]
[Result "1-0"]
[WhiteElo "2202"]
[BlackElo "2058"]
[PlyCount "59"]
[EventDate "2009.01.31"]
[EventType "swiss"]
[EventRounds "9"]
[EventCountry "RUS"]
[SourceTitle "EXT 2012"]
[Source "ChessBase"]
[SourceDate "2011.11.24"]
[SourceVersion "1"]
[SourceVersionDate "2011.11.24"]
[SourceQuality "1"]

1. e4 c5 2. Nf3 d6 3. Bb5+ Bd7 4. Qe2 e5 5. c3 Bxb5 6. Qxb5+ Qd7 7. Na3 a6 8. Qe2 Nc6 9. Nc4 Qc7 10. 0-0 b5 11. Ne3 Nf6 12. d4 exd4 13. cxd4 Be7 14. d5 Nb8 15. Nf5 0-0 16. Bg5 Re8 17. Qd3 Nbd7 18. e5 Nxe5 19. Nxe5 dxe5 20. d6 Qd7 21. Nxe7+ Rxe7 22. Bxf6 Re6 23. Qe4 Rae8 24. Be7 g6 25. a4 f5 26. Qe3 c4 27. axb5 Qxb5 28. Qa3 e4 29. Qxa6 Qxb2 30. Qxc4 1-0

[Event "Wch Silent"]
[Site "St Gallen"]
[Date "2008.07.30"]
[Round "10"]
[White "Anarkulov, Alisher"]
[Black "Malyuga, Valentin"]
[Result "1-0"]
[WhiteElo "2167"]
[BlackElo "2273"]
[PlyCount "98"]
[EventDate "2008.07.20"]
[EventType "swiss"]
[EventRounds "11"]
[EventCountry "SUI"]
[SourceTitle "EXT 2009"]
[Source "ChessBase"]
[SourceDate "2008.11.26"]
[SourceVersion "1"]
[SourceVersionDate "2008.11.26"]
[SourceQuality "1"]

1. e4 g6 2. d4 Bg7 3. Bc4 d6 4. Qf3 Nf6 5. Ne2 e5 6. dxe5 dxe5 7. Nbc3 c6 8. h3 0-0 9. Bg5 Qe7 10. a4 Be6 11. Bxe6 Qxe6 12. 0-0 Na6 13. Ng3 h6 14. Be3 Kh7 15. Qe2 Nd7 16. Rfd1 Qe7 17. a5 Ndc5 18. Na4 Ne6 19. c3 Rfd8 20. b4 Bf6 21. Qc2 Kg7 22. Nb2 Bg5 23. Nf1 Bxe3 24. Nxe3 Nf4 25. Kh2 Qe6 26. Nbc4 Nc7 27. Na3 h5 28. c4 Rd4 29. c5 Rxb4 30. Rab1 Na6 31. Rd6 Qe7 32. Rxb4 Nxb4 33. Qc3 Na6 34. g3 Ne6 35. Qc4 Nd4 36. f4 f6 37. Nec2 Nxc2 38. Qxc2 exf4 39. gxf4 Re8 40. e5 f5 41. Qg2 g5 42. Rf6 g4 43. Rxf5 Rh8 44. e6 Kh6 45. Qb2 Rf8 46. Rxf8 Qxf8 47. Qe5 Qe7 48. Nc4 Nxc5 49. Nd6 Qxe6 1-0

[Event "Wch Silent"]
[Site "Malente"]
[Date "2004.07.31"]
[Round "8"]
[White "Kovalenko, Vladimir V"]
[Black "Anarkulov, Alisher"]
[Result "1-0"]
[WhiteElo "2263"]
[BlackElo "2166"]
[PlyCount "107"]
[EventDate "2004.07.25"]
[EventType "swiss"]
[EventRounds "9"]
[EventCountry "GER"]
[SourceTitle "EXT 2006"]
[Source "ChessBase"]
[SourceDate "2005.11.24"]
[SourceVersion "1"]
[SourceVersionDate "2005.11.24"]
[SourceQuality "1"]

1. e4 c5 2. c3 d6 3. d4 Nf6 4. Bd3 Nbd7 5. Nf3 g6 6. 0-0 Bg7 7. e5 dxe5 8. dxe5 Nd5 9. Qe2 e6 10. a3 Qc7 11. Re1 0-0 12. c4 Ne7 13. Nc3 a6 14. Bg5 Nc6 15. Bf4 b6 16. Rad1 Bb7 17. Bg3 Nd4 18. Nxd4 cxd4 19. Ne4 Qc6 20. f4 Nc5 21. Nd6 Rad8 22. b4 Nxd3 23. Rxd3 Rxd6 24. exd6 Qxc4 25. Bh4 Bc6 26. Rd2 Qd5 27. Be7 Ra8 28. Rc1 Bf8 29. Qc4 Qxc4 30. Rxc4 Bd5 31. Rc7 Bxe7 32. dxe7 f5 33. Rxd4 Re8 34. Kf2 Kf7 35. Rd2 h6 36. Rdc2 g5 37. g3 g4 38. Ra7 Rxe7 39. Rcc7 Rxc7 40. Rxc7+ Kf6 41. Ra7 Bc4 42. Rb7 b5 43. Rb6 h5 44. Rxa6 Bb3 45. Ke3 h4 46. Kd4 hxg3 47. hxg3 Bd1 48. Kc5 Be2 49. a4 bxa4 50. Rxa4 e5 51. fxe5+ Kxe5 52. b5 Bf3 53. Rf4 Be4 54. Kb6 1-0

[Event "Wch Silent"]
[Site "Malente"]
[Date "2004.07.27"]
[Round "4"]
[White "Gruender, Michael"]
[Black "Anarkulov, Alisher"]
[Result "0-1"]
[WhiteElo "1805"]
[BlackElo "2166"]
[PlyCount "42"]
[EventDate "2004.07.25"]
[EventType "swiss"]
[EventRounds "9"]
[EventCountry "GER"]
[SourceTitle "EXT 2006"]
[Source "ChessBase"]
[SourceDate "2005.11.24"]
[SourceVersion "1"]
[SourceVersionDate "2005.11.24"]
[SourceQuality "1"]

1. c4 e6 2. Nf3 Nf6 3. g3 d5 4. d4 dxc4 5. Bg2 Be7 6. 0-0 0-0 7. Qc2 b5 8. a4 c6 9. Ne5 Nd5 10. axb5 cxb5 11. Nc3 f6 12. Qe4 Nb6 13. Nc6 Nxc6 14. Qxc6 Bd7 15. Qf3 a5 16. d5 b4 17. dxe6 Bxe6 18. Rd1 Qc8 19. Na4 Nxa4 20. Rxa4 Ra6 21. Ra1 a4 0-1

[Event "Wch Silent"]
[Site "Malente"]
[Date "2004.07.25"]
[Round "1"]
[White "Anarkulov, Alisher"]
[Black "Wagner, Peter"]
[Result "1-0"]
[WhiteElo "1805"]
[BlackElo "1810"]
[PlyCount "77"]
[EventDate "2004.07.25"]
[EventType "swiss"]
[EventRounds "9"]
[EventCountry "GER"]
[SourceTitle "EXT 2006"]
[Source "ChessBase"]
[SourceDate "2005.11.24"]
[SourceVersion "1"]
[SourceVersionDate "2005.11.24"]
[SourceQuality "1"]

1. e4 e5 2. Nf3 Nc6 3. Bb5 a6 4. Ba4 d6 5. 0-0 Bg4 6. h3 h5 7. d4 b5 8. Bb3 Nxd4 9. hxg4 hxg4 10. Ng5 Nh6 11. Nc3 Be7 12. Nxf7 Nxf7 13. Qxg4 Nxb3 14. axb3 Bf6 15. Be3 Qd7 16. Qxd7+ Kxd7 17. Ra5 Kc6 18. Nd5 Kb7 19. Rfa1 c5 20. b4 Bd8 21. R5a3 c4 22. b3 cxb3 23. Rxb3 Bg5 24. f3 Bxe3+ 25. Nxe3 Rh5 26. Kf2 g6 27. Rba3 Rhh8 28. c4 Ng5 29. cxb5 axb5 30. Ra5 Ne6 31. Rxb5+ Kc7 32. Rc1+ Kd7 33. Rb7+ Ke8 34. Kg3 Rd8 35. Nd5 Nd4 36. Rcc7 Ne2+ 37. Kf2 Nd4 38. Nf6+ Kf8 39. Rf7# 1-0